01301nam a22002537a 45000010005000000030006000050050017000110080041000280200018000690400029000870820010001161000015001262450034001412600048001753000059002235050007002825200498002895210027007875210018008146500052008329420015008849990015008999520133009148554FISKH20250929153541.0250929b cb ||||| |||| 00| 0 eng d a9781781750100 aFISKHbengcFISKHeFISKH a428.6 aAnonymous  aI like to read in the park /  aNew Delhi : bSterling Publishers, c2012.  a18 unnumbered pages : bcolor illustrations ; c18 cm  aF  aThe story follows a group of children (or sometimes an animal family, depending on the edition) as they prepare for and enjoy a picnic. They pack food, travel to a nice outdoor spot, and share the fun of eating together. Along the way, small adventures happen—like dealing with weather, bugs, or sharing food—but everything turns out happily. The simple sentences, repetitive words, and colorful illustrations make it easy for early readers to enjoy while learning to read with confidence.8 a300 bLexile estimate 8 aF bRaz-Plus  aEarly readers vJuvenile fiction xFriendship 2ddccBKn0 c8554d8554 00102ddc40708JUVFa001b001cTK Green 7-57-60d2025-09-29l0oANO 428.6pFISTKP2B003r2025-09-29 15:35:15t1w2025-09-29yBK